000 01035nam a22001577a 4500
008 190919b xxu||||| |||| 00| 0 eng d
020 _a9789381421543
050 _aREF
100 _aSaxena, Pawan Kumar.
245 _aTelevision and social change. /
_cPawan Kumar Saxena.
260 _aNew Delhi :
_bRandom Publications,
_c2011.
300 _aviii, 304 p. :
_c22 cm.
500 _aIncludes bibliography and index.
505 _aContents: Social aspects of television -- Influence of the television on family dynamics -- Television's impact on the status of women -- Propaganda and television -- TV soaps and the changing face of India -- Television and gender roles -- Television as a moral educator -- Television and audience: cultural proximity -- Satellite TV services and socio-economic development -- Cultural economics of TV programme cloning -- Intra and inter-cultural diversities in the era of globalization -- The impact of American television on urban India -- New media as a tool for social change.
942 _2lcc
_cBK
999 _c6953
_d14453